| 000 | 01442nam0a22002531 4500 | ||
|---|---|---|---|
| 001 | rc\4646549 | ||
| 005 | 20260407144814.0 | ||
| 021 |
_aRU _b[65-89268] |
||
| 035 | _a(NLR Aleph) 008688770 | ||
| 090 |
_a9225337 _c9225337 |
||
| 100 | _a20130416d1965 |||y0rusy50 ca | ||
| 101 | 0 | _arus | |
| 102 | _aRU | ||
| 105 | _ay z ||||| | ||
| 200 | 1 |
_aТезисы докладов _fАкад. наук СССР. Отд-ние общей и техн. химии. Науч. совет по теории хим. строения, реакционной способности, кинетики и катализа. Акад. наук УССР. Отд-ние химии и хим. технологии. Науч. совет по теории хим. строения, кинетики и реакционной способности. Ин-т орган. химии АН УССР. Совещание по гомогенному катализу в органических реакциях |
|
| 210 |
_aКиев _cНаукова думка _d1965 |
||
| 215 |
_a52 с. _d22 |
||
| 606 |
_aКатализ органический _jТезисы докладов _2psbo |
||
| 710 | 1 | 2 |
_aСовещание по гомогенному катализу в органических реакциях _f1965 _eКиев _3RU\NLR\AUTH\8810088420 _9678436 |
| 801 | 0 |
_aRU _bNLR _gpsbo |
|
| 801 | 1 |
_aRU _bELAR _2rusmarc |
|
| 852 |
_aNLR _j65-6/13793 |
||
| 942 | _cBOOK | ||
| 980 | _aNB | ||